History Quiz

Random History or State Quiz

First 10 States with Women's Suffrage Quiz Stats

 Plays Quiz Updated Aug 26, 2015

Also try: Forty Famous Women
Challenge
Share
Tweet
Embed
Score 0/10 Timer 01:30
1 Play Today
Year State % Correct
1911California
92%
1910Washington
81.4%
1912Oregon
79%
1893Colorado
70.4%
1869*Wyoming
69.9%
1912Arizona
69.2%
1895*Utah
67%
1896Idaho
66%
1912Kansas
54.9%
1913*Alaska
36.9%

You're not logged in!

Compare scores with friends on all Sporcle quizzes.
Join for Free
OR
Log In

You Might Also Like...

Show Comments

Extras

Top Quizzes Today


Score Distribution

Your Account Isn't Verified!

In order to create a playlist on Sporcle, you need to verify the email address you used during registration. Go to your Sporcle Settings to finish the process.

Report this User

Report this user for behavior that violates our Community Guidelines.

Details: